000
00330nam a2200133Ia 4500
008
240624s9999 xx 000 0 und d
041
_a
eng
082
_a
823 ALI
100
_a
ALI AGHA SHAHID
245
_a
VEILED SUITE THE COLLECTED POEMS
260
_c
2010
_a
New Delhi
_b
Penguin Books India
300
_a
400 : p.
365
_c
RS
999
_c
17173
_d
17173